[Event "Druzynowe Mistrzostwa Polski - II Liga Seniorow"]
[Site "Ustron/Slaski Zwiazek Szachowy"]
[Date "2008.09.11"]
[Round "5.1"]
[White "Cichocki, Adam"]
[Black "Hera, Imre"]
[Result "1/2-1/2"]
[WhiteTitle "FM"]
[BlackTitle "GM"]
[WhiteElo "2320"]
[BlackElo "2518"]

1. d4 d5 2. Nf3 Nf6 3. c4 dxc4 4. Qa4+ c6 5. Qxc4 Bf5 6. g3 e6 7. Bg2 Be7 8.
O-O O-O 9. Nc3 Nbd7 10. Qb3 Qb6 11. Qxb6 axb6 12. Re1 Ne4 13. Nh4 Bxh4 14. Nxe4
Be7 15. Bf4 Ra4 16. Red1 Bxe4 17. Bxe4 Bf6 18. Bc2 Raa8 19. Bb3 Rfd8 20. Rd2
Rac8 21. Rad1 b5 22. e4 Nb6 23. d5 cxd5 24. exd5 exd5 25. Bxd5 1/2-1/2

[Event "Druzynowe Mistrzostwa Polski - II Liga Seniorow"]
[Site "Ustron/Slaski Zwiazek Szachowy"]
[Date "2008.09.11"]
[Round "5.2"]
[White "Kosiorek, Marek"]
[Black "Dlugosz, Jedrzej"]
[Result "1-0"]
[WhiteTitle "m"]
[BlackTitle "m"]
[WhiteElo "2371"]
[BlackElo "2340"]

1. d4 d5 2. c4 c6 3. e3 Nf6 4. Bd3 e6 5. Nf3 dxc4 6. Bxc4 c5 7. O-O Nc6 8. Qe2
cxd4 9. Rd1 Be7 10. exd4 O-O 11. Nc3 Nd5 12. Bxd5 exd5 13. Qb5 Nb4 14. Bg5 f6
15. Bf4 a6 16. Qa4 Bf5 17. Rd2 b5 18. Qb3 Be6 19. Re1 Bf7 20. Rxe7 Qxe7 21. Re2
Be6 22. Rxe6 Qxe6 23. Qxb4 Rfe8 24. h3 Rac8 25. Qd6 Qxd6 26. Bxd6 Kf7 27. Bc5
Rcd8 28. Kf1 Re6 29. Ne1 Rde8 30. Nc2 g5 31. g4 h5 32. Nxd5 Re2 33. Nde3 R8xe3
34. Nxe3 Rxb2 35. a3 hxg4 36. hxg4 a5 37. Ke1 Ke6 38. f3 Kd7 39. d5 b4 40. axb4
a4 41. Bd4 Rxb4 42. Bxf6 Rf4 43. Bxg5 Rxf3 44. Ke2 Rh3 45. Bf6 a3 46. g5 a2 47.
g6 Rg3 48. g7 Rg6 49. Bc3 Ke7 50. Nf5+ Kf7 51. Kd3 Ra6 52. Ba1 Rg6 53. Kc4 Rg4+
54. Kc5 Rg6 55. Kb5 1-0

[Event "Druzynowe Mistrzostwa Polski - II Liga Seniorow"]
[Site "Ustron/Slaski Zwiazek Szachowy"]
[Date "2008.09.11"]
[Round "5.3"]
[White "Kolosowski, Pawel"]
[Black "Karbowiak, Adam"]
[Result "1-0"]
[WhiteTitle "m"]
[BlackTitle "k+"]
[WhiteElo "2309"]
[BlackElo "2194"]

1. e4 e6 2. d3 d5 3. Nd2 Nf6 4. Ngf3 Be7 5. g3 O-O 6. Bg2 c5 7. O-O Nc6 8. e5
Nd7 9. Re1 Qc7 10. Qe2 b5 11. Nf1 b4 12. Bf4 a5 13. h4 Ba6 14. Ne3 c4 15. Rad1
Nc5 16. Ng4 b3 17. axb3 cxd3 18. cxd3 Nb4 19. Nf6+ gxf6 20. exf6 Qd8 21. fxe7
Qxe7 22. Bh6 Bxd3 23. Bxf8 Rxf8 24. Qd2 Nc2 25. Qxa5 Nxe1 26. Rxe1 Be4 27. Nd4
Nd3 28. Re3 Qf6 29. Nf3 Qxb2 30. Qd2 Qxd2 31. Nxd2 Bxg2 32. Kxg2 Nb4 33. Rc3
Ra8 34. Nf3 Ra7 35. g4 h6 36. Kg3 f6 37. Nd4 Kf7 38. Rc8 Rb7 39. Rh8 Kg7 40.
Re8 e5 41. Nf5+ Kh7 42. Rf8 Rb6 43. Rf7+ Kh8 44. Nxh6 Nc2 45. g5 fxg5 46. hxg5
Rxb3+ 47. Kg4 Rb6 48. Kh5 Nd4 49. g6 Ne6 50. Rh7+ 1-0

[Event "Druzynowe Mistrzostwa Polski - II Liga Seniorow"]
[Site "Ustron/Slaski Zwiazek Szachowy"]
[Date "2008.09.11"]
[Round "5.4"]
[White "Szymczak, Zbigniew"]
[Black "Bugalski, Michal"]
[Result "1-0"]
[WhiteTitle "IM"]
[BlackTitle "k"]
[WhiteElo "2295"]
[BlackElo "2279"]

1. e4 e6 2. Nf3 d5 3. Nc3 a6 4. d4 dxe4 5. Nxe4 Nf6 6. Nxf6+ gxf6 7. Be3 b6 8.
g3 Bb7 9. Bg2 Be4 10. O-O Bg7 11. Nh4 Bxg2 12. Nxg2 Nd7 13. Nf4 Qe7 14. Nh5 Bf8
15. Qe2 Rg8 16. Qc4 Ra7 17. Rfe1 Qb4 18. Qd3 Qxb2 19. Bd2 Rg4 20. Bc3 Qb5 21.
Qxh7 Rg5 22. Nf4 Bd6 23. Bd2 Nf8 24. Qe4 Bxf4 25. Bxf4 Rd5 26. Be3 Qc4 27. h4
c6 28. Qf4 Nd7 29. Qg4 Ke7 30. Qe2 Qxe2 31. Rxe2 b5 32. Kg2 Nb6 33. Rh1 Ra8 34.
f3 Rh8 35. Bf2 b4 36. Rb1 Rb5 37. Rb3 Nd5 38. a3 a5 39. axb4 a4 40. c4 Rxb4 41.
Rxb4 Nxb4 42. Rb2 Nd3 43. Rb7+ Kd6 44. Ra7 Nb2 45. Be1 Nxc4 46. Bb4+ c5 47.
Bxc5+ Kd5 48. Rxa4 e5 49. Be7 exd4 50. Bxf6 Re8 51. Bg5 Re2+ 52. Kf1 d3 53. Ra7
Kd4 54. Rxf7 Ra2 55. Rd7+ Kc3 56. h5 Ra5 57. Bf6+ Kc2 58. h6 Rd5 59. Rxd5 Ne3+
60. Ke1 Nxd5 61. Bg5 Nf6 62. Bc1 1-0

[Event "Druzynowe Mistrzostwa Polski - II Liga Seniorow"]
[Site "Ustron/Slaski Zwiazek Szachowy"]
[Date "2008.09.11"]
[Round "5.5"]
[White "Kempinski, Tomasz"]
[Black "Kukula, Pawel"]
[Result "1-0"]
[WhiteTitle "k+"]
[BlackTitle "k+"]
[WhiteElo "2260"]
[BlackElo "2238"]

1. e4 c5 2. Nf3 Nc6 3. d4 cxd4 4. Nxd4 Nf6 5. Nc3 e5 6. Ndb5 d6 7. Nd5 Nxd5 8.
exd5 Nb8 9. c4 Be7 10. Bd3 O-O 11. O-O a6 12. Nc3 f5 13. f4 Nd7 14. Qe2 g6 15.
Kh1 Bf6 16. Bd2 exf4 17. Qe6+ Kg7 18. Qxd6 Be5 19. Qb4 g5 20. Rae1 Rf6 21. Na4
b6 22. Bc3 Bxc3 23. Qxc3 Nf8 24. b4 a5 25. b5 Ra7 26. Re2 Raf7 27. Rfe1 Qd6 28.
Qd4 Kg6 29. Bc2 h5 30. Nb2 h4 31. Nd3 Kh6 32. Ne5 Rg7 33. h3 Ng6 34. Nxg6 Kxg6
35. Re5 Kh7 36. Qd1 Bd7 37. Qh5+ Kg8 38. Re8+ Bxe8 39. Rxe8+ Rf8 40. Bxf5 1-0

[Event "Druzynowe Mistrzostwa Polski - II Liga Seniorow"]
[Site "Ustron/Slaski Zwiazek Szachowy"]
[Date "2008.09.11"]
[Round "5.6"]
[White "Czarnota, Dorota"]
[Black "Bukowska, Katarzyna"]
[Result "1/2-1/2"]
[WhiteTitle "WIM"]
[BlackTitle "k+"]
[WhiteElo "2229"]
[BlackElo "2040"]

1. e4 e5 2. Nf3 Nc6 3. Nc3 Nf6 4. a3 a6 5. g3 d5 6. exd5 Nxd5 7. Bg2 Nxc3 8.
bxc3 Be7 9. Qe2 O-O 10. O-O Bf6 11. Rb1 Re8 12. d3 e4 13. dxe4 Bxc3 14. Bg5 Bf6
15. Rfd1 Qe7 16. Bxf6 Qxf6 17. e5 Qe7 18. Nd4 Nxd4 19. Rxd4 c6 20. a4 a5 21.
Qc4 Be6 22. Qc3 Qc7 23. f4 1/2-1/2

[Event "Druzynowe Mistrzostwa Polski - II Liga Seniorow"]
[Site "Ustron/Slaski Zwiazek Szachowy"]
[Date "2008.09.11"]
[Round "5.7"]
[White "Maciejczak, Jakub"]
[Black "Mista, Aleksander"]
[Result "0-1"]
[WhiteTitle "m"]
[BlackTitle "GM"]
[WhiteElo "2344"]
[BlackElo "2539"]

1. e4 c5 2. Nc3 d6 3. g3 Nc6 4. Bg2 g6 5. d3 Bg7 6. f4 Nf6 7. Nf3 O-O 8. O-O
Rb8 9. h3 b5 10. g4 b4 11. Nd5 Nxd5 12. exd5 Nd4 13. Ng5 h6 14. Ne4 f5 15. Ng3
fxg4 16. hxg4 e5 17. dxe6 Qh4 18. Ne4 Bxe6 19. Nf2 Rbe8 20. Be3 Qg3 21. Re1 Bd5
22. Ne4 Rxe4 0-1

[Event "Druzynowe Mistrzostwa Polski - II Liga Seniorow"]
[Site "Ustron/Slaski Zwiazek Szachowy"]
[Date "2008.09.11"]
[Round "5.8"]
[White "Tomczak, Rafal"]
[Black "Jaroch, Karol"]
[Result "1-0"]
[WhiteTitle "FM"]
[BlackTitle "I++"]
[WhiteElo "2350"]
[BlackElo "2158"]

1. e4 e6 2. Nc3 d5 3. Nf3 Nf6 4. e5 Nfd7 5. d4 c5 6. dxc5 Bxc5 7. Bd3 Nc6 8.
Bf4 f6 9. exf6 Qxf6 10. Bg5 Qf7 11. Bh4 Nde5 12. Nxe5 Nxe5 13. Bg3 O-O 14. O-O
Nxd3 15. Qxd3 Bd7 16. Kh1 Qf5 17. f3 Qxd3 18. cxd3 Bd4 19. Rfe1 b5 20. Rab1
Rfc8 21. Be5 Bxe5 22. Rxe5 b4 23. Ne2 Rc2 24. Nd4 Rd2 25. Nb3 Rc2 26. d4 Re8
27. Nc5 Bc8 28. h3 Rd2 29. Nb3 Rc2 30. Kh2 Kf7 31. Kg3 Re7 32. f4 g6 33. Kf3 a5
34. Re2 Rc6 35. Nc5 Rec7 36. Rc1 h6 37. Re5 Ba6 38. Ke3 Bc8 39. g4 Kf6 40. h4
Kg7 41. h5 gxh5 42. Rxh5 Bd7 43. Re5 Kg6 44. f5+ exf5 45. gxf5+ Kf7 46. Rxd5
Bc8 47. Kf4 Rf6 48. Re1 Rcc6 49. Ne4 Rce6 50. Rxa5 Ke7 51. Rc1 Rxf5+ 52. Rxf5
Rf6 53. Ke5 Ra6 54. Kf4 Re6 55. Ra5 Rf6+ 56. Ke5 Rf5+ 1-0

[Event "Druzynowe Mistrzostwa Polski - II Liga Seniorow"]
[Site "Ustron/Slaski Zwiazek Szachowy"]
[Date "2008.09.11"]
[Round "5.9"]
[White "Jaroch, Pawel"]
[Black "Budrewicz, Krzysztof"]
[Result "0-1"]
[WhiteTitle "k"]
[BlackTitle "m"]
[WhiteElo "2255"]
[BlackElo "2333"]

1. e4 d5 2. exd5 Nf6 3. Nf3 Nxd5 4. d4 g6 5. Bc4 Bg7 6. O-O O-O 7. Re1 Nb6 8.
Bb3 Bg4 9. c3 Nc6 10. Bf4 e5 11. dxe5 Qxd1 12. Bxd1 Nc4 13. Nfd2 N4xe5 14. Bxg4
Nd3 15. Na3 Nxf4 16. Nb5 Ne5 17. Be2 a6 18. Nd4 Rfe8 19. Bf3 c5 20. N4b3 Nfd3
21. Reb1 Nxf3+ 22. gxf3 b5 23. Ne4 Re5 24. Kf1 f5 25. Ng3 Rae8 26. a4 bxa4 27.
Nd2 a3 28. f4 axb2 29. fxe5 bxa1=Q 30. Rxa1 Bxe5 31. Rxa6 Bxc3 32. Nf3 Nf4 33.
Ra4 Bb4 34. h4 Rd8 35. Kg1 Nd3 36. Ra7 c4 37. Rc7 Bc5 38. Ne2 Re8 39. Nc3 Bxf2+
40. Kf1 Bb6 41. Rxc4 Ne5 42. Kg2 0-1

[Event "Druzynowe Mistrzostwa Polski - II Liga Seniorow"]
[Site "Ustron/Slaski Zwiazek Szachowy"]
[Date "2008.09.11"]
[Round "5.10"]
[White "Lisowski, Krzysztof"]
[Black "Ziolkowski, Dawid"]
[Result "1/2-1/2"]
[WhiteTitle "k"]
[BlackTitle "k"]
[WhiteElo "2199"]
[BlackElo "2183"]

1. e4 e6 2. d4 d5 3. Nd2 Nf6 4. e5 Nfd7 5. f4 c5 6. c3 Nc6 7. Ndf3 Qa5 8. Kf2
b5 9. Bd3 b4 10. Ne2 bxc3 11. bxc3 cxd4 12. cxd4 Nb4 13. Bb1 Ba6 14. Nc3 Nb6
15. f5 Rc8 16. Ne2 Qa4 17. fxe6 fxe6 18. Nf4 Nc2 19. Ng5 g6 20. Ngxe6 Nxa1 21.
Qg4 Rc2+ 22. Kg3 Rc3+ 23. Kf2 Nc2 24. Nxg6 hxg6 25. Qxg6+ Kd7 26. Qf5 Kc6 27.
Qf6 Nd7 28. Qxh8 Qc4 29. Qh5 Nxd4 30. Nxf8 Nxf8 31. Bd2 Rf3+ 32. gxf3 Qe2+ 33.
Kg3 Qxd2 34. Qe8+ Nd7 35. e6 Qg5+ 36. Kf2 Qd2+ 37. Kg3 Qg5+ 38. Kf2 Qd2+
1/2-1/2

[Event "Druzynowe Mistrzostwa Polski - II Liga Seniorow"]
[Site "Ustron/Slaski Zwiazek Szachowy"]
[Date "2008.09.11"]
[Round "5.11"]
[White "Jozwicki, Jakub"]
[Black "Migala, Andrzej"]
[Result "1/2-1/2"]
[WhiteTitle "k"]
[BlackTitle "I+"]
[WhiteElo "2220"]
[BlackElo "2091"]

1. e4 c5 2. Nf3 d6 3. d4 cxd4 4. Qxd4 Nc6 5. Bb5 Bd7 6. Bxc6 Bxc6 7. Nc3 Nf6 8.
Bg5 e6 9. O-O-O Be7 10. Rhe1 O-O 11. Qd2 h6 12. Bf4 e5 13. Bg3 Rc8 14. Bh4 Nxe4
15. Nxe4 Bxh4 16. Qxd6 Bxe4 17. Rxe4 Qxd6 18. Rxd6 Bxf2 19. Rxe5 Rc7 20. b3
Rfc8 21. c4 Kf8 22. Kd2 a6 23. Kd3 Bc5 24. Rdd5 Ba3 25. Nd4 g6 26. Re4 Re8 27.
Nc2 Rxe4 28. Kxe4 Bc5 29. Kd3 Ke7 30. b4 Bg1 31. h3 h5 32. Nd4 f6 33. a4 h4 34.
c5 Bxd4 35. Kxd4 Rc6 36. Kc4 Re6 37. Rd4 g5 38. Kd3 f5 39. Rd5 Kf6 40. Rd7 b6
41. Kd4 bxc5+ 42. Kxc5 g4 43. hxg4 fxg4 44. Rd2 Kg5 45. b5 axb5 46. axb5 Kf4
47. b6 Rxb6 48. Kxb6 Kg3 49. Kc5 h3 50. gxh3 gxh3 51. Kd4 h2 52. Rxh2 Kxh2
1/2-1/2

[Event "Druzynowe Mistrzostwa Polski - II Liga Seniorow"]
[Site "Ustron/Slaski Zwiazek Szachowy"]
[Date "2008.09.11"]
[Round "5.12"]
[White "Krestianowa, Tatiana"]
[Black "Bursa, Renata"]
[Result "1-0"]
[WhiteTitle ""]
[BlackTitle "WFM"]
[WhiteElo "2194"]
[BlackElo "2065"]

1. e4 c5 2. c3 d5 3. exd5 Qxd5 4. d4 Nc6 5. Nf3 e5 6. Nxe5 Nxe5 7. dxe5 Qxe5+
8. Be3 Bd7 9. Qb3 Bc6 10. Bb5 Qc7 11. Nd2 Nf6 12. Bxc6+ Qxc6 13. O-O-O Be7 14.
Nc4 O-O 15. Rhe1 b5 16. Ne5 Qb7 17. c4 a5 18. Qxb5 Qc8 19. Nc6 Re8 20. Bxc5
Bxc5 21. Rxe8+ Qxe8 22. Qxc5 Ne4 23. Qb6 Nxf2 24. Rd8 Rxd8 25. Qxd8 Qxd8 26.
Nxd8 Ng4 27. Nb7 a4 28. Kd2 Kf8 29. h3 Ne5 30. Kc3 h5 31. Nc5 h4 32. Nd3 Nc6
33. c5 g5 34. Kc4 Ne7 35. Kd4 f6 36. b4 axb3 37. axb3 Ke8 38. b4 Kd7 39. b5 Kc7
40. Nb4 Nf5+ 41. Ke4 Ng3+ 42. Kd5 f5 43. Ke6 f4 44. Nd5+ Kc8 45. c6 Ne2 46. b6
Nd4+ 47. Kd6 Nf5+ 48. Ke5 g4 49. Kxf4 gxh3 50. gxh3 Nd6 51. Ke5 Nb5 52. Ke6
Nd4+ 53. Kd6 Nb5+ 54. Kc5 Nc7 55. Ne7+ Kb8 56. bxc7+ Ka7 57. c8=R Ka6 58. Ra8+
1-0

[Event "Druzynowe Mistrzostwa Polski - II Liga Seniorow"]
[Site "Ustron/Slaski Zwiazek Szachowy"]
[Date "2008.09.11"]
[Round "5.13"]
[White "Warszawski, Bartosz"]
[Black "Grabowski, Pawel"]
[Result "1-0"]
[WhiteTitle "m"]
[BlackTitle "k"]
[WhiteElo "2277"]
[BlackElo "2296"]

1. e4 e5 2. Nf3 Nc6 3. Bb5 a6 4. Ba4 Nf6 5. O-O b5 6. Bb3 Be7 7. Re1 d6 8. c3
O-O 9. h3 Bb7 10. d4 Re8 11. Nbd2 Bf8 12. Bc2 h6 13. d5 Ne7 14. b3 c6 15. c4
Nd7 16. Nf1 b4 17. dxc6 Nxc6 18. Ne3 Nc5 19. Nd5 a5 20. Be3 Re6 21. Nh2 Qh4 22.
Nc7 Rg6 23. Nxa8 Bxa8 24. Kf1 Bb7 25. Nf3 Qh5 26. Bxc5 dxc5 27. Qd7 Nd4 1-0

[Event "Druzynowe Mistrzostwa Polski - II Liga Seniorow"]
[Site "Ustron/Slaski Zwiazek Szachowy"]
[Date "2008.09.11"]
[Round "5.14"]
[White "Stuczynski, Andrzej"]
[Black "Kaim, Piotr"]
[Result "0-1"]
[WhiteTitle "k+"]
[BlackTitle "k+"]
[WhiteElo "2253"]
[BlackElo "2227"]

1. e4 c5 2. Nf3 d6 3. d4 cxd4 4. Nxd4 Nf6 5. f3 e5 6. Nb3 Be7 7. c4 O-O 8. Be3
Ne8 9. Qd2 Nc6 10. Nc3 Nc7 11. Be2 Ne6 12. O-O Nf4 13. Rfd1 Nxe2+ 14. Qxe2 Be6
15. Nd5 Bg5 16. c5 Bxe3+ 17. Qxe3 dxc5 18. Qxc5 Qg5 19. Qc1 Qh5 20. Qe3 Rad8
21. Rd2 Kh8 22. Rad1 f5 23. Nc5 Bc8 24. exf5 Na5 25. g4 Qh3 26. Rd4 exd4 27.
Rxd4 Rde8 28. Re4 Rxe4 29. Qxe4 0-1

[Event "Druzynowe Mistrzostwa Polski - II Liga Seniorow"]
[Site "Ustron/Slaski Zwiazek Szachowy"]
[Date "2008.09.11"]
[Round "5.15"]
[White "Chalupnik, Marcin"]
[Black "Zolnierowicz, Krzysztof"]
[Result "1-0"]
[WhiteTitle "k+"]
[BlackTitle "IM"]
[WhiteElo "2244"]
[BlackElo "2272"]

1. e4 d5 2. exd5 Nf6 3. d4 Nxd5 4. Nf3 g6 5. Be2 Bg7 6. O-O O-O 7. Re1 Nc6 8.
c3 Re8 9. Na3 Nb6 10. Bf4 Bf5 11. Nc4 h6 12. Bf1 g5 13. Bg3 e6 14. Nfe5 Nxe5
15. Nxe5 Nd5 16. Bd3 Ne7 17. Qh5 Rf8 18. Rad1 c6 19. h4 Bxd3 20. Rxd3 Nf5 21.
hxg5 Qxg5 22. Qe2 Rfe8 23. Rf3 Rad8 24. Bf4 Qe7 25. Rh3 f6 26. Ng4 Qf8 27. g3
Rd5 28. Kg2 e5 29. Qe4 exf4 30. Qxe8 Qxe8 31. Rxe8+ Kf7 32. Rb8 Rb5 33. b3 fxg3
34. fxg3 Kg6 35. Kf3 Ra5 36. Rh2 b5 37. Ne3 Nd6 38. g4 Nf7 39. Nf5 Ng5+ 40. Ke3
Ra6 41. Rb7 1-0

[Event "Druzynowe Mistrzostwa Polski - II Liga Seniorow"]
[Site "Ustron/Slaski Zwiazek Szachowy"]
[Date "2008.09.11"]
[Round "5.16"]
[White "Gawronski, Miroslaw"]
[Black "Rams, Michal"]
[Result "0-1"]
[WhiteTitle "k"]
[BlackTitle "k"]
[WhiteElo "2279"]
[BlackElo "2244"]

1. g3 g6 2. Bg2 Bg7 3. c4 d6 4. Nc3 Nf6 5. b3 O-O 6. Bb2 e5 7. e3 c6 8. Nge2 a5
9. O-O Nh5 10. f4 f5 11. d3 Qb6 12. Qd2 Nd7 13. Ba3 exf4 14. gxf4 Re8 15. Rf3
Qc7 16. Re1 Nc5 17. Ng3 Nf6 18. Rff1 Ng4 19. d4 Ne6 20. d5 Nc5 21. dxc6 bxc6
22. Nb5 cxb5 23. Bxa8 b4 24. Bb2 Bxb2 25. Qxb2 Nd3 26. Qd4 Nxe1 27. Rxe1 Be6
28. Bf3 Qg7 29. Bxg4 fxg4 30. Ne4 Qxd4 31. exd4 Rd8 32. Kf2 h5 33. Kg3 Bf5 34.
Kh4 Kg7 35. Ng3 Kf6 36. d5 a4 37. Re3 Ra8 38. Ne2 axb3 39. axb3 Ra2 40. Kg3 g5
41. fxg5+ Kxg5 42. Kf2 h4 43. Ke1 g3 44. Nxg3 hxg3 45. hxg3 0-1

[Event "Druzynowe Mistrzostwa Polski - II Liga Seniorow"]
[Site "Ustron/Slaski Zwiazek Szachowy"]
[Date "2008.09.11"]
[Round "5.17"]
[White "Przybyla, Kamil"]
[Black "Paszek, Krzysztof"]
[Result "1/2-1/2"]
[WhiteTitle "I+"]
[BlackTitle "I++"]
[WhiteElo "2134"]
[BlackElo "2126"]

1. d4 Nf6 2. c4 g6 3. Nc3 Bg7 4. e4 d6 5. f3 O-O 6. Be3 e5 7. d5 Nh5 8. Qd2 f5
9. O-O-O Nd7 10. Bd3 Ndf6 11. Nge2 Qe7 12. Kb1 Kh8 13. h3 f4 14. Bf2 c5 15. a3
Bd7 16. Kc2 a6 17. Rb1 Rfb8 18. b4 b6 19. Rb2 Qd8 20. Rhb1 Ne8 21. Kd1 Nhf6 22.
Rb3 g5 23. bxc5 bxc5 24. Qb2 Rc8 25. Rb7 Bf8 26. Bc2 Rc7 27. Ba4 Be7 28. Bxd7
Qxd7 29. Rxc7 Qxc7 30. Qb7 Qxb7 31. Rxb7 Bd8 32. Na4 Bc7 33. Be1 Nd7 34. Kc2
Kg7 35. Nc1 Kf8 36. Nb3 Ke7 37. Ba5 Kd8 38. Bxc7+ Nxc7 39. Na5 Ke8 40. Nb6 Nxb6
41. Rxb6 1/2-1/2

[Event "Druzynowe Mistrzostwa Polski - II Liga Seniorow"]
[Site "Ustron/Slaski Zwiazek Szachowy"]
[Date "2008.09.11"]
[Round "5.18"]
[White "Flazinska, Anna"]
[Black "Zajkowska, Olga"]
[Result "1/2-1/2"]
[WhiteTitle "I+"]
[BlackTitle "I++"]
[WhiteElo "1829"]
[BlackElo "1887"]

1. e4 d6 2. d4 Nf6 3. Nc3 g6 4. f4 Bg7 5. Nf3 O-O 6. e5 Ne8 7. Bc4 Bg4 8. h3
Bxf3 9. Qxf3 c6 10. O-O e6 11. Kh2 Nd7 12. g4 d5 13. Bd3 c5 14. Qf2 cxd4 15.
Nb5 Qb6 16. Qxd4 Qxd4 17. Nxd4 Nxe5 18. Nb5 Nxd3 19. cxd3 a6 20. Nc3 Nd6 21.
Bd2 Rac8 22. Rac1 b5 23. a3 Rc7 24. Nxd5 Rxc1 25. Ne7+ Kh8 26. Rxc1 Bxb2 27.
Rc6 Re8 28. Nxg6+ hxg6 29. Rxd6 Bxa3 30. Rxa6 b4 31. Rb6 Rd8 32. Bxb4 Bxb4 33.
Rxb4 Rxd3 1/2-1/2

[Event "Druzynowe Mistrzostwa Polski - II Liga Seniorow"]
[Site "Ustron/Slaski Zwiazek Szachowy"]
[Date "2008.09.11"]
[Round "5.19"]
[White "Proszynski, Waldemar"]
[Black "Pinkas, Karol"]
[Result "0-1"]
[WhiteTitle "I"]
[BlackTitle "IM"]
[WhiteElo "2042"]
[BlackElo "2317"]

1. d4 d5 2. Nf3 Nc6 3. Bf4 e6 4. e3 Bd6 5. Bg3 Nf6 6. c4 Bxg3 7. hxg3 Qe7 8.
Nc3 Bd7 9. a3 Rd8 10. Qc2 h6 11. b4 dxc4 12. Bxc4 O-O 13. Rd1 a5 14. b5 Na7 15.
Qb3 c6 16. b6 Nb5 17. Nb1 Ra8 18. Ne5 a4 19. Qd3 Ra6 20. g4 Rxb6 21. f4 Nd6 22.
Nd2 Nxc4 23. Nexc4 Rb5 24. Ne5 Kh8 25. g5 Ng8 26. gxh6 gxh6 27. g4 Be8 28. g5
f6 29. gxf6 Rxf6 30. Ke2 Qh7 31. Qc4 Qf5 32. Rdg1 c5 33. dxc5 Rb2 34. Qd4 Bb5+
35. Ke1 Qc2 36. Qd8 Qc1+ 37. Kf2 Rxd2+ 38. Kf3 Be2+ 39. Kg3 Qxg1+ 40. Rxg1 Rxd8
0-1

[Event "Druzynowe Mistrzostwa Polski - II Liga Seniorow"]
[Site "Ustron/Slaski Zwiazek Szachowy"]
[Date "2008.09.11"]
[Round "5.20"]
[White "Tokarski, Bartosz"]
[Black "Nurkiewicz, Maciej"]
[Result "0-1"]
[WhiteTitle "I++"]
[BlackTitle "m"]
[WhiteElo "2157"]
[BlackElo "2384"]

1. e4 e5 2. Nf3 Nc6 3. Bb5 a6 4. Ba4 Nf6 5. O-O Be7 6. Re1 b5 7. Bb3 d6 8. c3
O-O 9. h3 Na5 10. Bc2 c5 11. d4 Qc7 12. Nbd2 cxd4 13. cxd4 Bd7 14. d5 Rac8 15.
Bd3 g6 16. Nf1 Nh5 17. Bh6 Ng7 18. Rc1 Qb8 19. Qd2 Nb7 20. b4 Rxc1 21. Rxc1 Rc8
22. Ne1 Nd8 23. Be3 f5 24. f3 f4 25. Bf2 Nf7 26. Rxc8+ Qxc8 27. Qc2 Qd8 28. Nd2
Nh5 29. Nb3 Bh4 30. Na5 Bg3 31. Bf1 Qg5 32. Nc6 Bxh3 33. gxh3 Bxf2+ 34. Kxf2
Qh4+ 35. Kg1 Qxe1 36. Qf2 Qb1 37. Nb8 Ng3 38. Nxa6 Ng5 39. Qg2 Qd1 0-1

[Event "Druzynowe Mistrzostwa Polski - II Liga Seniorow"]
[Site "Ustron/Slaski Zwiazek Szachowy"]
[Date "2008.09.11"]
[Round "5.21"]
[White "Protaziuk, Grzegorz"]
[Black "Zowada, Kazimierz"]
[Result "1-0"]
[WhiteTitle "m"]
[BlackTitle "k"]
[WhiteElo "2328"]
[BlackElo "2196"]

1. e4 g6 2. d4 Bg7 3. Nc3 c6 4. Bc4 d6 5. Nf3 Nf6 6. h3 O-O 7. Bb3 b5 8. a3 a6
9. O-O d5 10. exd5 cxd5 11. Bg5 Bb7 12. Ne2 Ne4 13. Bf4 Nc6 14. c3 e6 15. Nc1
a5 16. Nd2 Nxd2 17. Qxd2 b4 18. Ba4 bxc3 19. bxc3 Qc8 20. Nb3 e5 21. Bh6 Bxh6
22. Qxh6 exd4 23. cxd4 Ne7 24. Rac1 Qd8 25. Rfe1 Nf5 26. Qd2 Nd6 27. Nc5 Ra7
28. Nd7 Ne4 29. Qf4 Re8 30. Rxe4 Rxe4 31. Nf6+ Kg7 32. Nxe4 dxe4 1-0

[Event "Druzynowe Mistrzostwa Polski - II Liga Seniorow"]
[Site "Ustron/Slaski Zwiazek Szachowy"]
[Date "2008.09.11"]
[Round "5.22"]
[White "Guzik, Jolanta"]
[Black "Sliwerski, Radoslaw"]
[Result "0-1"]
[WhiteTitle "WFM"]
[BlackTitle "k+"]
[WhiteElo "2095"]
[BlackElo "2165"]

1. c4 e5 2. Nc3 Nf6 3. g3 d5 4. cxd5 Nxd5 5. Bg2 Nb6 6. Nf3 Nc6 7. O-O Be7 8.
d3 O-O 9. Be3 Be6 10. Na4 Bd5 11. Nxb6 axb6 12. a3 f6 13. Qc2 Qd7 14. Rac1 Rac8
15. Qc3 Rfd8 16. Rfe1 b5 17. Bc5 Bxc5 18. Qxc5 Na5 19. Qb4 Nb3 20. Rb1 c5 21.
Qc3 Qd6 22. Nd2 Nxd2 23. Bxd5+ Qxd5 24. Qxd2 c4 25. Qa5 cxd3 26. exd3 Rc2 27.
Re3 Rdc8 28. Qe1 Qd4 29. Qa5 Rxf2 30. Kxf2 Rc2+ 31. Kf1 Qxe3 32. Qa8+ 0-1

[Event "Druzynowe Mistrzostwa Polski - II Liga Seniorow"]
[Site "Ustron/Slaski Zwiazek Szachowy"]
[Date "2008.09.11"]
[Round "5.23"]
[White "Delega, Tomasz"]
[Black "Siedlinski, Piotr"]
[Result "1/2-1/2"]
[WhiteTitle "k"]
[BlackTitle "II+"]
[WhiteElo "2075"]
[BlackElo "1853"]

1. d4 d5 2. Nf3 Nf6 3. e3 Bf5 4. b3 e6 5. Be2 h6 6. O-O c6 7. Bb2 Nbd7 8. Nbd2
Be7 9. Bd3 Bxd3 10. cxd3 O-O 11. e4 Rc8 12. e5 Nh7 13. Ne1 c5 14. dxc5 Bxc5 15.
d4 Be7 16. f4 Qb6 17. Kh1 Rc7 18. Nc2 Rfc8 19. Ne3 f5 20. g4 fxg4 21. Qxg4 Ndf8
22. Rg1 Bd8 23. Nf3 Qc6 24. Rg2 Rf7 25. Rc1 Qd7 26. Rxc8 Qxc8 27. Nxd5 Qc6 28.
Nc3 Qa6 29. Ng1 Qf1 30. Nce2 Bb6 1/2-1/2

[Event "Druzynowe Mistrzostwa Polski - II Liga Seniorow"]
[Site "Ustron/Slaski Zwiazek Szachowy"]
[Date "2008.09.11"]
[Round "5.24"]
[White "Labedz, Patrycja"]
[Black "Rzepecka, Dorota"]
[Result "1-0"]
[WhiteTitle "I++"]
[BlackTitle "I++"]
[WhiteElo "1949"]
[BlackElo "1924"]

1. Nf3 Nf6 2. d4 d5 3. Bf4 Bf5 4. e3 e6 5. Bd3 Bxd3 6. Qxd3 Bd6 7. Qb5+ Nbd7 8.
Ne5 Rb8 9. O-O Bxe5 10. Bxe5 c6 11. Qa4 Nxe5 12. dxe5 Nd7 13. f4 a5 14. c3 Qb6
15. Qc2 Qxe3+ 16. Kh1 Nc5 17. Nd2 Qd3 18. Qc1 O-O 19. Rf3 Qb5 20. Qc2 Rbd8 21.
Rh3 g6 22. Nf3 Kg7 23. Nd4 Qb6 24. Qf2 Rh8 25. Nb3 Nd7 26. Qxb6 Nxb6 27. Nc5
Nc4 28. Nxb7 Rb8 29. Nc5 Rxb2 30. Nd3 Rd2 31. Kg1 Rc8 32. Rf3 c5 33. a4 {
dalej oba zapisy nie poprawne} 1-0

[Event "Druzynowe Mistrzostwa Polski - II Liga Seniorow"]
[Site "Ustron/Slaski Zwiazek Szachowy"]
[Date "2008.09.11"]
[Round "5.25"]
[White "Juroszek, Tadeusz"]
[Black "Moskwinski, Tadeusz"]
[Result "1-0"]
[WhiteTitle "m"]
[BlackTitle "k"]
[WhiteElo "2397"]
[BlackElo "2161"]

1. e4 c5 2. Nf3 d6 3. c3 Nf6 4. Be2 Nbd7 5. d3 b6 6. Nbd2 Bb7 7. O-O Qc7 8. Re1
e5 9. d4 Be7 10. d5 O-O 11. Bd3 g6 12. c4 Rfe8 13. Nb1 Nb8 14. Nc3 Na6 15. h3
Bc8 16. a3 Bd7 17. Rb1 Nh5 18. b4 Qc8 19. Kh2 Qd8 20. Be3 Ng7 21. g4 Qc8 22.
Rg1 Rf8 23. Bh6 f6 24. Nd2 Rf7 25. Nf1 Ne8 26. Ng3 Bf8 27. Be3 Bg7 28. Qd2 Qd8
29. Nb5 Qe7 30. Bc2 Bf8 31. Nc3 Kh8 32. Bd3 Nac7 33. Nce2 Rd8 34. Rgf1 Bc8 35.
Kg2 Kg8 36. bxc5 dxc5 37. a4 Na6 38. a5 Nb4 39. axb6 axb6 40. Rxb4 cxb4 41.
Bxb6 Rd7 42. c5 Rb7 43. Bc4 Rxb6 44. cxb6 Qd6 45. Rc1 Re7 46. Bb3 Bb7 47. Rc6
Qd7 48. Qxb4 Kg7 49. Qc3 Nd6 50. Ba4 Qd8 51. Rc7 Nc8 52. g5 fxg5 53. Qxe5+ Kg8
54. Qf6 Bg7 55. Qxg5 Qd6 56. Rxe7 Nxe7 57. Nf4 Bf6 58. Qg4 Bc8 59. Qf3 Qxb6 60.
Bb3 Kg7 61. Bc4 1-0

[Event "Druzynowe Mistrzostwa Polski - II Liga Seniorow"]
[Site "Ustron/Slaski Zwiazek Szachowy"]
[Date "2008.09.11"]
[Round "5.26"]
[White "Pazderski, Ziemowit"]
[Black "Kulesza, Mateusz"]
[Result "0-1"]
[WhiteTitle "k"]
[BlackTitle "k+"]
[WhiteElo "2197"]
[BlackElo "2280"]

1. d4 e6 2. Nf3 d5 3. Bf4 Bd6 4. e3 c5 5. c3 Bxf4 6. exf4 Qb6 7. Qb3 Qc7 8.
dxc5 Qxc5 9. Bd3 Nf6 10. O-O O-O 11. Nbd2 Nc6 12. Bb5 Qd6 13. Qa4 Bd7 14. Rfe1
a6 15. Bxc6 bxc6 16. Ne5 c5 17. Qa3 a5 18. Nb3 Rfc8 19. Rad1 a4 20. Nd2 Qc7 21.
g4 Ne8 22. c4 d4 23. Ne4 Nf6 24. Ng3 Ne8 25. Ne4 Nf6 26. Ng5 Be8 27. Qh3 Rab8
28. Nd3 Bc6 29. Re5 h6 30. Nf3 Nd7 31. Re2 Ba8 32. g5 Qc6 33. Nde1 hxg5 34. f5
e5 35. Kf1 Re8 0-1